• Obras de arte

di Topical Term

Records bibliografici associati: 1

001 - CONTROL NUMBER

  • control field: 18613

003 - CONTROL NUMBER IDENTIFIER

  • control field: IT-RoINE

005 - DATE AND TIME OF LATEST TRANSACTION

  • control field: 20171020082734.0

008 - FIXED-LENGTH DATA ELEMENTS

  • fixed length control field: 150424|| aca||aabn | a|a d

040 ## - CATALOGING SOURCE

  • Original cataloging agency: IT-RoINE
  • Transcribing agency: IT-RoINE

150 ## - HEADING--TOPICAL TERM

  • Topical term or geographic name as entry element: Obras de arte
  • General subdivision: Mutilación, destrucción, etc.
  • Geographic subdivision: España
  • Geographic subdivision: Castilla y León

670 ## - SOURCE DATA FOUND

  • Source citation: Work cat.: (IT-RoINE)0: Martínez Ruiz, María José 18611, La enajenación del patrimonio en Castilla y León (1900-1936) /, 2008.